[Event "Petrov Memorial op"]
[Site "St Petersburg"]
[Date "2000.02.09"]
[Round "3"]
[White "Biriukov, Oleg V"]
[Black "Lastin, Alexander"]
[Result "1/2-1/2"]
[WhiteElo "2380"]
[BlackElo "2510"]
[Annotator "Tsesarsky,I"]
[PlyCount "91"]
[EventDate "2000.02.05"]
[EventType "swiss"]
[EventRounds "9"]
[EventCountry "RUS"]
[SourceTitle "CBM 076"]
[Source "ChessBase"]
[SourceDate "2000.05.31"]
[SourceVersion "1"]
[SourceVersionDate "2000.05.31"]
[SourceQuality "1"]

1. d4 d5 2. c4 e6 3. Nf3 c6 4. e3 Nf6 5. Bd3 Nbd7 6. O-O b6 7. Nc3 Bb7 8. Qe2
Be7 9. Rd1 O-O 10. e4 dxe4 11. Nxe4 Qc7 12. Bg5 c5 (12... Rfe8 13. Nxf6+ (13.
Rac1 c5 14. dxc5 (14. Re1 cxd4 15. Nxd4 Nxe4 16. Bxe7 Ndc5 17. Bxe4 Nxe4 18.
Ba3 Red8 19. Red1 Qf4 20. b3 e5 21. Nf3 $11 {1-0 Shabtai,Ran-Dudas,Janos/
Budapest FS09 IM-A (3) ;EXT 97 1994 (47)}) (14. Nxf6+ Bxf6 15. Bxf6 Nxf6 16.
dxc5 Qxc5 17. Ne5 Red8 18. a3 a5 19. Bb1 $11 {Vakeva,Jani-Auvinen,Esa/
Helsinki-ch ;EXT 2000 1999/1-0 (74)}) 14... Bxe4 15. Bxe4 Nxe4 16. Bxe7 (16.
cxb6 Qb7 17. Rxd7 Qxd7 18. Qxe4 axb6 19. Ne5 Qc7 20. Bxe7 Qxe7 $17 {0-1
Szigeti,Miklos-Sterk,Karoly/HUN-ch Budapest (1) ;HCL 1931 (34)}) 16... Ndxc5
17. Bxc5 Nxc5 18. Qe5 Rac8 $11) (13. c5 $1 bxc5 14. dxc5 Nxc5 (14... h6 15. Bh4
Nxe4 16. Qxe4 Nf6 17. Bxf6 Bxf6 18. Qh7+ $16 {1-0 Gelfand,Boris-Serper,Grigory/
Vilnius ;CBM 07 1988 (41)}) 15. Nxc5 Bxc5 16. Bxf6 gxf6 17. Bxh7+ $16 {1/2-1/2
Torre,Eugenio-Muco,Fatos/Luzern ol (Men) (7) ;EXT 97-B 1982 (41)}) (13. Qc2 h6
14. Bxf6 Nxf6 15. c5 Nxe4 16. Bxe4 bxc5 17. dxc5 a5 18. a3 a4 19. Rd4 f5 20.
Bd3 Qa5 21. Rc1 $14 (21. Rd7 $2 Bc8 $17 {0-1 Bodic,Dragan-Dolmatov,Sergey/
Cacak-B (2) ;EXT 97 1991 (33)})) 13... Nxf6 (13... Bxf6 14. Bxf6 Nxf6 15. c5 (
15. Qe5 Qe7 16. Ng5 c5 17. dxc5 Qxc5 18. Qxc5 bxc5 19. Be2 Red8 20. Bf3 Bxf3
21. Nxf3 $14 {1-0 Iliesco,Juan Traian-Falcon,Enrique/ARG-ch (7) ;HCL 1938 (35)}
) 15... Rad8 16. Rac1 bxc5 17. Rxc5 Rd5 18. Rdc1 Red8 19. b4 $14 {1-0
Mikhalevski,Victor-Zak,Uriel/ISR-ch Tel Aviv (3) ;EXT 97 1994 (48)}) 14. Ne5 c5
(14... g6 15. Bc2 Nd7 16. h4 Nxe5 17. dxe5 c5 $11 {1/2-1/2 Schaefer,
Michael-Schiffer,Steve/Wiesbaden op (9) ;GER 1994 (25)}) 15. dxc5 bxc5 16. f4
Rad8 17. Bc2 Rxd1+ 18. Rxd1 Rd8 19. Rxd8+ Qxd8 20. Qd3 Qa5 21. Bxf6 Qe1+ 22.
Qf1 Qxf1+ 23. Kxf1 Bxf6 $11 {Johner,Paul F-Bogoljubow,Efim/Berlin Cafe Koenig 
(1) ;EXT 99 1928/0-1 (47)}) (12... Rad8 13. Rac1 (13. Nc3 Rfe8 14. Ne5 a6 15.
Bf4 $14 {1/2-1/2 Reinhardt,Enrique Heinrich-Feigin,Movsa/La Roge Buenos Aires ;
EXT 98 1946 (31)}) (13. Bh4 c5 14. Nc3 cxd4 15. Nxd4 Ba8 (15... Bd6 $132) 16.
Bc2 $132 {Burmenko,D-Kamsky,Gata/SochiJ-B ;EXT 2000 1986/1-0 (54)} (16. Bg3 $14
)) (13. Ne5 Rfe8 14. Bf4 Nxe4 (14... Qc8 $4 15. Nxf7 $18 {1-0 Raisa,
Unto-Linqvist,Grels/Kalakukko op (5) ;EXT 98 1992 (19)}) 15. Qxe4 Nf6 16. Qe3
Bd6 17. c5 $14) 13... Rfe8 14. Bh4 c5 15. Bg3 Qc6 16. d5 exd5 17. cxd5 Nxd5 18.
Nd4 Qc8 19. Nf5 Bf8 20. Qg4 Re6 $44 {1-0 Znosko Borovsky,Eugene -Price,H/
Ramsgate schev (3) ;EXT 99 1929 (44)}) 13. dxc5 (13. Bh4 Rac8 (13... Rad8 14.
Ne5 Nxe5 15. dxe5 Nxe4 16. Bxe7 Qxe7 (16... Rxd3 17. Bxf8 Rxd1+ 18. Rxd1 Kxf8
19. f3 Qxe5 20. fxe4 Bxe4 21. b3 $132) 17. Bxe4 Bxe4 18. Qxe4 Qc7 $11 {0-1
Carag,Erwin-Nadera,Barlo A/Greenhills op (1) ;EXT 98 1996 (34)}) (13... Rfe8
14. Bg3 Qc6 15. dxc5 bxc5 16. Nc3 Bf8 17. Bc2 e5 18. Ba4 Qe6 19. Nd5 $16 {
1-0 Kozlov,Oleg-Lazic,Miroljub/JUG-ch op Nis (10) ;EXT 99 1996 (26)}) 14. Bg3
Qc6 15. d5 exd5 16. Nxf6+ Bxf6 17. cxd5 {1-0 Vidmar,Milan Sr-Winter,William/
Hastings ;EXT 99 1929 ??-Tsesarsky} Qa4 18. Bb5 Qg4 $1 {[%cal Gg4d7]}) (13.
Rac1 Kh8 14. Bb1 Rad8 15. Nc3 cxd4 16. Nb5 Bxf3 (16... Qb8 17. Nbxd4 h6 18.
Bxf6 Nxf6 19. Ne5 Qa8 $2 (19... Bd6 $15) 20. Nxe6 $1 {1-0 Thomas,George
Alan-Menchik,Vera/Paris (11) ;EXT 99 1929}) 17. Qxf3 Qc5 $15 {[%cal Gc5g5]}) (
13. Bc2 Rfe8 14. dxc5 Bxe4 15. Bxe4 Nxe4 16. Bxe7 Ndxc5 (16... Nc3 17. bxc3
Rxe7 18. cxb6 Nxb6 19. Rd4 Rc8 20. Rad1 f6 (20... e5 21. Rg4 $14) 21. Re4 e5
22. Nh4 Re6 $14 (22... Nxc4 $4 23. Rxc4 Qxc4 24. Rd8+ Kf7 25. Qh5+ g6 26. Qxh7+
{1-0 Gurevich,Mikhail-Prie,Eric/Clichy (9) ;EXT 97 1993})) 17. Bxc5 Nxc5 $132)
13... Bxc5 {This new move permit to White to take on f6 with f double P
creation, but it is not dangerous for Black.} (13... bxc5 14. Nxf6+ (14. Bh4
$132 {0-1 Richter,Emil-Skalicka,Carlos/Kautsky mem8 (12) ;EXT 99 1931 (47)}) (
14. Re1 Qc6 15. Rad1 Rfe8 16. Qc2 h6 17. Nxf6+ Nxf6 18. Bxf6 Bxf6 19. Bh7+ Kf8
20. Be4 Qc7 21. Bxb7 Qxb7 $11 {1/2-1/2 Liublinsky,Victor
Alexandrovic-Chistiakov,Alexander Nikolaevi/Moscow-ch ;MCD 1947 (40)}) (14. Bc2
Rad8 15. h3 Rfe8 16. Nc3 Nb6 17. Ne5 {1/2-1/2 Frias,Victor J-Nogueiras,Jesus/
Saint John op-2 ;CBM 06 1988}) 14... Nxf6 15. Ne5 Rad8 16. Bd2 Ne8 17. Bc3 Bf6
18. f4 g6 19. Qe1 Qe7 20. b4 Ng7 21. b5 Nh5 22. g3 Bxe5 23. Qxe5 f6 24. Qe3 $14
{Alatortsev,Vladimir-Levenfish,Grigory/Leningrad ;HCL 1934/1-0 (51)}) (13...
Nxc5 14. Nxf6+ Bxf6 (14... gxf6 15. Bh6 Rfd8 16. Bc2 $14 (16. Ne5 $5 Rd4 17. f4
(17. Bxh7+ Kxh7 18. Rxd4 Qxe5 19. Be3 Be4 20. f3 Bg6 21. Rad1 $14) 17... Bf8
18. Qg4+ Kh8 19. Bxf8 Rxf8 20. Qh4 Nxd3 21. Qxf6+ Kg8 22. Qg5+ (22. Nxd3 Qxc4
$11) 22... Kh8 23. Rxd3 Rxd3 24. Qf6+ Kg8 25. Nxd3 Qxc4 $11)) 15. Bxf6 gxf6 16.
Bc2 Qf4 17. Nd2 Rfd8 18. b4 Nd7 $14) 14. Rac1 (14. Nxf6+ Nxf6 15. Bxf6 gxf6 16.
Be4 Rfd8 $11) 14... Rfe8 (14... Nxe4 15. Bxe4 Bxe4 16. Qxe4 $14) 15. Nxc5 (15.
Nxf6+ Nxf6 16. Bxf6 gxf6 17. Nd2 (17. Be4 Rad8 18. Nd2 Ba6 19. Qg4+ Kh8 20. Qh4
f5 21. Qf6+ Kg8 22. Qg5+ $11 (22. Rc3 $2 fxe4 23. Rg3+ Kf8 24. Qh6+ Ke7 25.
Qh4+ Kd7 $19)) 17... f5 18. a3 Rad8 $11) 15... Qxc5 16. Be3 Qc6 (16... Qh5 17.
Nd4 Qxe2 (17... Ng4 18. h3) 18. Bxe2 $14 {[%csl Ye2,Ye3]}) 17. Ne1 $6 $11 (17.
Bg5 $14) 17... Nc5 18. Bb1 e5 19. Qc2 (19. b4 Ne6 {[%csl Rg2][%cal Ge6f4,Ge8e1]
} 20. c5 Nf4 21. Qb2 (21. Bxf4 exf4 22. Qf1 Qa4 23. Qc4 bxc5 (23... Qc6 24. Nf3
$14) 24. bxc5 Qxc4 25. Rxc4 Rac8 (25... Rad8 26. Rxd8 Rxd8 27. Rc1 $16) 26. Bf5
Rc7 27. Nd3 f3 $132) 21... bxc5 22. Rxc5 Qe6 23. Qd2 N4d5 $132) (19. Bf5 Ne6
$132) 19... g6 (19... Ne6 $132) 20. b4 Ne6 21. b5 (21. c5 Nd5 22. Qb3 Ndf4 23.
Bxf4 (23. Qb2 bxc5 (23... Nxg2 24. b5 $18) 24. Bxc5 Rad8 $15 {[%csl Rg2][%cal
Gb7g2]}) 23... Nxf4 24. Bd3 Nxd3 (24... bxc5 25. Rxc5 Qf6 26. Bc4 Re7 27. a3
$14) (24... Nxg2 25. b5 Qc8 26. Nxg2 Bxg2 27. Kxg2 Qg4+ 28. Kf1 $18) 25. Qxd3
bxc5 26. Rxc5 Qf6 $11) 21... Qc8 (21... Qc7 22. h3 $11) 22. f3 {This move a
little bit weakenen White K.} (22. h3 Nc5 (22... Qc7 23. Nd3 Rad8 24. c5 e4 (
24... bxc5 25. Nxc5 Rxd1+ 26. Qxd1 Nxc5 27. Bxc5 $14) 25. Qb2 Nd5 26. cxb6 Qe7
27. Ne5 Nxe3 28. fxe3 $18 {[%csl Yb6][%cal Ge5g4]}) 23. Nd3 Nfe4 24. Nxc5 Nxc5
25. Bxc5 Qxc5 26. Rd7 Re7 27. Rcd1 Rae8 $11) 22... Qc7 {Tempo loss is not
important here.} 23. Nd3 e4 $5 24. Qb2 (24. fxe4 Ng4 $19) 24... Qe7 25. fxe4
Bxe4 (25... Ng4 26. Qe2 Qh4 27. g3 (27. h3 Nxe3 28. Qxe3 Bxe4 29. Qe1 $11 (29.
g3 Qxh3 30. Qxe4 Nd4 $1 (30... Qxg3+ 31. Qg2 Qe3+ 32. Qf2 Qg5+ 33. Kf1 $16) 31.
Qg2 (31. Qxd4 Qxg3+ 32. Kf1 Qh3+ 33. Kf2 Qh2+ $11) 31... Ne2+ 32. Kf2 Qe6 33.
Qf3 Nxc1 34. Rxc1 Rad8 $132)) 27... Qh5 $44) 26. Nf2 (26. Ne5 Nc5 $11) 26...
Bxb1 (26... Bb7 $5 $132) 27. Rxb1 (27. Qxb1 Nc5 28. Re1 Rad8 $11) 27... Rac8
28. Rbc1 h5 29. Re1 Ng4 (29... Nd7 $11) 30. Nxg4 hxg4 31. Qe5 Qb4 32. Qc3 $6
$15 (32. Qf6 Qe7 (32... Rxc4 $2 33. Rf1 $1 Rf8 34. Rxc4 Qxc4 35. Bh6 Qd4+ 36.
Qxd4 Nxd4 37. Bxf8 $18) (32... Nc5 $2 33. a3 $1 Qa5 $8 (33... Qxa3 34. Bd4) 34.
Rf1 Rxe3 35. Qxf7+ Kh8 36. Qxg6 $18) 33. Bd4 Qxf6 34. Bxf6 Nc5 {[%cal Gc5e4]}
35. Rxe8+ Rxe8 36. Rd1 Ne4 37. Bb2 f5 38. Rd7 $11) 32... Qxc3 33. Rxc3 Nc5 34.
Rec1 (34. Kf1 Ne4 35. Rc2 f5 $15 {[%csl Ye4]}) 34... Ne4 35. Rd3 Re7 (35... f5
$15 {[%csl Ye4]}) 36. Bf4 Nc5 $6 $11 {Black drop a little advantage} (36... f5
37. Rd4 Kf7 $15 {[%csl Ye4]}) 37. Re3 Rd7 (37... Ne4 38. Bd6 Re6 39. Bb4 f5 40.
a4 Kf7 41. Rd3 $11) 38. Rce1 Kg7 (38... Ne6 39. Re4 Rd4 40. Rxd4 Nxd4 41. Kf2
Rxc4 42. Re8+ Kg7 43. Be5+ Kh6 (43... f6 44. Bxd4 Rxd4 45. Re7+ Kh6 46. Rxa7
$11) 44. Bf6 g5 45. Bxd4 Rxd4 46. Re7 Rd2+ 47. Kg3 f5 48. Rxa7 f4+ 49. Kxg4
Rxg2+ 50. Kh3 f3 51. Rf7 g4+ 52. Kh4 Kg6 53. Rf4 $11) 39. Re7 (39. Be5+ f6 40.
Bc3 $11) 39... Rxe7 40. Rxe7 Nd3 41. Be3 (41. Rc7 Re8 (41... Rxc7 42. Bxc7 Kf6
43. Bb8 Ne5 44. c5 bxc5 45. Bxa7 c4 46. Kf1 $16) 42. Bg3 Re4 43. Kf1 Nc5 44.
Rxa7 Rxc4 45. Bc7 Na4 46. Rb7 Rc1+ 47. Kf2 Rc2+ 48. Kg3 Rxa2 49. Bxb6 Nxb6 50.
Rxb6 f5 $11) 41... Rxc4 42. Rd7 Nb4 43. Bd4+ (43. Rxa7 Nd5 44. Bg5 Rb4 45. a4
Nc3 46. Bd2 Rb1+ 47. Kf2 Ne4+ 48. Ke3 Nxd2 49. Kxd2 Rb2+ 50. Kc3 Rxg2 51. a5
bxa5 52. b6 Rg1 53. Kc4 (53. Kc2 g3 (53... Rg2+ 54. Kc3) 54. hxg3 (54. b7 gxh2
55. b8=Q h1=Q 56. Qe5+ Kh6 57. Qh8+ Kg5 58. Rxa5+ f5 59. Qd8+ Kh5 60. Qh8+ Kg4
61. Ra4+ f4 62. Qc8+ Kg3 63. Ra3+ f3 64. Qc7+ Kg2 $19) 54... Rg2+ 55. Kc1 Rxg3
$17) 53... g3 (53... Rb1 54. Kc5 g5 55. Rxa5 $16) 54. hxg3 Rxg3 55. b7 Rg4+ 56.
Kb5 Rb4+ 57. Kxa5 Rb1 58. Ka6 g5 59. Ra8 g4 60. b8=Q Rxb8 61. Rxb8 Kf6 62. Kb5
(62. Rg8 Kf5 63. Kb5 Kf4 64. Kc4 g3 65. Kd3 Kf3 $11) 62... Ke5 63. Kc4 Ke4 64.
Re8+ Kf3 65. Kd3 g3 $11) 43... Kh6 44. Be3+ Kg7 (44... g5 45. Rxf7 Nd5 46. Bd2
$8 Rc2 47. Rf2 Kg6 48. a3 Rb2 49. Bb4 Rb3 50. Rd2 Nxb4 51. axb4 Rxb4 52. Rd5
$11) 45. Bd4+ Kh6 46. Be3+ 1/2-1/2

[Event "Kfar Sava weekend"]
[Site "Kfar Sava"]
[Date "2000.08.03"]
[Round "?"]
[White "Tsesarsky, Ilya"]
[Black "Haimovich, Tal"]
[Result "1-0"]
[WhiteElo "2489"]
[BlackElo "2322"]
[Annotator "Tsesarsky,I"]
[PlyCount "119"]
[EventDate "2000.08.04"]
[EventType "swiss"]
[EventRounds "9"]
[EventCountry "ISR"]
[SourceTitle "CBM 078"]
[Source "ChessBase"]
[SourceDate "2000.10.18"]
[SourceVersion "1"]
[SourceVersionDate "2000.10.18"]
[SourceQuality "1"]

1. Nf3 d5 2. d4 c6 3. c4 Nf6 4. Nc3 e6 5. e3 Nbd7 6. Qc2 Bd6 7. Bd3 O-O 8. O-O
dxc4 9. Bxc4 a6 10. e4 (10. Bd3 $5) 10... e5 11. Rd1 (11. Be3 Qc7 12. h3 b5 13.
Bb3 exd4 14. Bxd4 c5 15. Bxf6 Nxf6 16. Nd5 Nxd5 {1/2-1/2 Schlosser,P-Chernin,A/
Altensteig(6) 1990/(16)}) (11. Be2 Re8 12. Bg5 Qc7 13. dxe5 Bxe5 14. Nxe5 Qxe5
15. Qd2 h6 16. Bf4 Nxe4 17. Nxe4 Qxe4 18. Bxa6 Nf6 19. Rfe1 Qg6 20. Bc4 {
1/2-1/2 Levitt,J-Schlosser,P/Goodricke Int., Calcutta IND 1998/ (20)}) 11...
Qe7 (11... Qc7 12. g3 $5 (12. h3 exd4 13. Nxd4 Re8 14. a3 Be5 15. Be3 Nf8 16.
Rd2 b5 17. Ba2 c5 18. Nde2 c4 19. Nd5 Nxd5 20. exd5 Ng6 $132 {1-0 Kamsky,
G-Anand,V/Tilburg 1991/ (101)}) 12... b5 13. Be2 h6 $1 {N -See comments to the
game Tsesarsky I - Erenburg S, Israeli semifinal, (3) 2000, 1:0 (Tsesarsky)} (
13... b4 14. Na4) (13... Bb7 14. dxe5 Nxe5 15. Bg5 Nxf3+ 16. Bxf3 Be5 17. Bxf6
gxf6 18. Bg4 $16)) 12. h3 $1 exd4 ({Here} 12... h6 {is wrong because of} 13.
Nh4 $1) 13. Nxd4 Ne5 14. Bf1 {[%cal Gg2g3,Gf1g2]} Rd8 15. Be3 c5 {Weaken
square d5, but another continuation also retain advantage to White.} (15... h6
16. f4 Ng6 17. g3 ({Premature is} 17. e5 Nxe5 18. fxe5 Qxe5 19. Kf2 Qg3+ 20.
Ke2 Re8 $17) 17... c5 (17... Nd5 18. Nxd5 cxd5 19. e5 Bc5 20. Rac1 Bb6 21. Kh2
$16) 18. Nde2 b5 19. e5 $16) 16. Nde2 $1 {[%cal Ge2f4,Gf4d5]} c4 17. Nf4 $16 {
[%cal Gf4d5]} b5 18. Ncd5 Nxd5 19. Nxd5 Qh4 20. f4 Nd3 {Black desided to
sacrifice P, but recieved not enough compensation.} ({Also after} 20... Nd7 21.
e5 Bf8 22. b3 cxb3 23. axb3 Bb7 24. Qc7 {White keep advantage} Bxd5 (24... Rab8
25. Bf2 Qh6 26. Nb6 $18) 25. Rxd5 $16) 21. Bxd3 cxd3 22. Rxd3 Bb7 23. Bf2 $6 ({
Strong and simply was} 23. Rad1 Rac8 24. Qf2 $16) 23... Qh6 24. Rad1 Rdc8 (
24... Bxd5 25. Rxd5 Qxf4 26. Qd3 $1 $18) 25. Qd2 Bf8 26. e5 $6 (26. f5 $1 {
I saw this strong move and can't explaine, why I didn't play this move...} Qxd2
27. R3xd2 (27. R1xd2 Rc4 28. e5 Re8 29. Bg3 Bc8 30. f6 Bf5 $14) 27... Rc6 (
27... Rc4 28. Nb6 $18) 28. e5 Re8 29. Bd4 Bc5 30. Bxc5 Rxc5 31. b4 $16) 26...
Rc4 27. Nb6 $2 {(+) confusion} ({Why not} 27. b3 $1 Re4 28. Nc3 Qxf4 29. Rd7 (
29. Nxe4 Qxe4 30. Bg3 $16) 29... Rc8 30. Nxe4 Qxe4 31. Qg5 h6 32. Qg3 Rc3 33.
R7d3 $16) 27... Qc6 28. Rg3 Rc2 29. Qd7 $1 Qxd7 ({I calculated variation} 29...
Rxf2 30. Qxc6 Bxc6 31. Kxf2 Bc5+ 32. Ke2 Bxb6 33. Rd6 Rc8 34. Rc3 $18) 30. Rxd7
Bc6 31. Nxa8 (31. Rc3 $5 Rxc3 32. bxc3 Bxd7 33. Nxa8 a5 34. Nc7 $44) 31... Bxd7
32. Rd3 Be6 33. g4 g6 $1 (33... Rxb2 34. f5 $1 (34. Rd8 Rc2 35. f5 Rc8 36. Rxc8
Bxc8 37. Nc7 g6 $15) 34... Bxa2 35. Rd8 Rb1+ 36. Kh2 Rc1 37. Nb6 Rc7 38. Be1
$16) 34. Rd8 ({Better was} 34. b3 h5 (34... Rxa2 35. Nc7 $14) 35. Rd8 $1 (35.
gxh5 $2 gxh5 36. Nb6 (36. Rd8 Bxh3 37. Bh4 f6 $3 38. Bxf6 Kf7 $19 {[%cal Gf8c5]
}) 36... Rxf2 37. Kxf2 Bc5+ 38. Kg3 Bxb6 39. Rd6 Ba5 40. Rxa6 Be1+ 41. Kg2 (41.
Kf3 Bxh3 42. a4 bxa4 43. bxa4 Bg4+ 44. Ke4 h4 45. Rc6 h3 46. Rc1 Bf2 (46... Bg3
47. a5 h2 48. a6 Bf2 49. Rh1 Bg1 50. Rxh2 $18) 47. a5 h2 48. Rh1 Bg1 49. f5 Bh3
50. Kf3 Bxf5 $19) 41... b4 $44) 35... Rc8 36. Rxc8 Bxc8 37. gxh5 Bh6 (37...
gxh5 38. Nc7 $14) 38. Be3 gxh5 39. Nc7 $14) 34... Kg7 (34... h5 $1 35. Bh4 hxg4
36. Be7 (36. hxg4 f6 37. Bxf6 Kf7 38. Rb8 Bxg4 39. Rb7+ Kg8 40. Rb8 $11) 36...
gxh3 37. Bxf8 Rc1+ 38. Kh2 Rc2+ 39. Kg1 Rc1+ $11) 35. Bh4 Rc8 (35... Bc5+ 36.
Kh1 Ba7 37. Bf6+ Kh6 38. Be7 $18) 36. Rxc8 Bxc8 $44 37. Nc7 (37. Bf6+ Kg8 38.
Kf2 Bc5+ 39. Kg3 Bb7 40. Nc7 Kf8 $44) 37... Bc5+ $6 (37... Bb4 $1 38. Kf2 h5
39. a3 (39. Kf3 Bb7+ 40. Ke3 hxg4 41. hxg4 Bc8 42. Kf3 Bb7+ $44) 39... Bc5+ 40.
Kg3 hxg4 41. hxg4 Kf8 42. Nd5 Bd4 43. b3 Be6 44. Nc7 Bxb3 45. Nxa6 Bb2 $44) 38.
Bf2 Be7 39. Nd5 Kf8 40. Bd4 Be6 41. Nc7 Bc8 42. Kf2 Bb7 43. f5 $5 {Pair of BB
is good compensation for the P lack} (43. a3 $5 {[%csl Re7]} Bd8 (43... h5 44.
b4 Bh4+ 45. Kg1 hxg4 46. hxg4 Bf3 47. g5 Bg3 48. Bc5+ Kg7 49. Be3 Bb7 50. e6
fxe6 51. Nxe6+ Kg8 52. Nc5 Bc8 53. Ne4 Be1 54. Bf2 $18) 44. Bc5+ Kg8 45. Ne8
Bc6 46. Nd6 Be7 $44) 43... gxf5 44. gxf5 Bc8 45. Kg3 Bd8 (45... Bxf5 $2 46.
Nxa6 {[%cal Gd4c5]} Kg8 (46... Ke8 47. Nc7+ $16) 47. Bc5 Bg5 48. b3 $16) 46.
Bc5+ Kg8 47. Nd5 Bxf5 $4 $18 {Failing to the trap...} ({Right was} 47... Bg5
48. h4 (48. Kg4 Bb7 49. Nc7 Bd8 50. Ne8 Bc6 51. Nd6 Be7 $44) 48... Bb7 $1 49.
Nc7 (49. hxg5 Bxd5 50. Kf4 (50. b3 a5 51. Kf4 a4 52. bxa4 bxa4 53. a3 Kg7 54.
Bb4 h6 55. gxh6+ Kxh6 56. e6 Bxe6 57. fxe6 fxe6 58. Ke5 Kg7 59. Kxe6 $11) 50...
Bxa2 $11) 49... Bd8 50. Ne8 Bc6 51. Nd6 Be7 $44) 48. Be7 $1 {[%csl Rd8]} Ba5 (
48... Be6 49. Nf6+ Kg7 50. Bxd8 $18) 49. b4 f6 50. bxa5 fxe5 51. Bd6 Kf7 52.
Nc7 Bc8 53. Bxe5 Bb7 54. Kf4 Ke7 55. a3 Kd7 56. Ke3 Kc6 57. Kd4 Bc8 58. h4 Kb7
59. Kc5 Bf5 60. Ne8 1-0

[Event "FRA-chT 9900"]
[Site "France"]
[Date "2000.04.29"]
[Round "9.3"]
[White "Van Wely, Loek"]
[Black "Piket, Jeroen"]
[Result "1-0"]
[WhiteElo "2658"]
[BlackElo "2642"]
[Annotator "Van Wely/Cifuentes"]
[PlyCount "67"]
[EventDate "2000.02.04"]
[EventType "team"]
[EventRounds "11"]
[EventCountry "FRA"]
[SourceTitle "EXT 2001"]
[Source "ChessBase"]
[SourceDate "2000.11.22"]
[SourceVersion "1"]
[SourceVersionDate "2000.11.22"]
[SourceQuality "1"]

1. d4 d5 2. c4 c6 3. Nc3 Nf6 4. Nf3 e6 5. e3 Nbd7 6. Qc2 Bd6 7. Bd3 O-O 8. O-O
dxc4 9. Bxc4 Qe7 10. Rd1 e5 11. Bb3 Bc7 12. h3 a6 13. Bd2 h6 14. Nh4 Rd8 15.
Nf5 Qe8 16. Ne2 e4 (16... Nf8 $5) 17. d5 Ne5 18. Neg3 (18. dxc6 Nxc6 19. Neg3
Be5 $11) 18... Bxf5 (18... Nxd5 19. Qxe4 Nf6 (19... Be6 20. Nh5 Bxf5 (20... g6
21. Bxd5) 21. Qxf5 $14) 20. Qh4 $36) 19. Nxf5 Qd7 $6 (19... Nd3 $142 20. dxc6 (
20. Bc3 Nxd5 21. Bxg7 (21. Nxg7 Qe7 $13) 21... Qd7 22. Rxd3 Qxf5 23. Rxd5 cxd5
24. Qxc7 Kxg7 25. Qxb7 $44) 20... Qe5 $40) 20. dxc6 $1 (20. d6 Qxf5 21. dxc7
Rdc8 22. Ba5 Nd3) 20... Qxf5 21. cxb7 Nf3+ 22. gxf3 Qg5+ 23. Kh1 $6 (23. Kf1 $1
exf3 (23... Qb5+ 24. Qc4 Qxb7 25. Qxf7+ Kh8 26. Bc3 (26. f4) 26... Rf8 27. Qg6
exf3 28. Bd5 $18) 24. Bxf7+ $1 Kxf7 (24... Kh8 25. Qg6 Qh4 (25... Qb5+ 26. Kg1
Qxb7 27. Bc3) 26. Be6 $18) 25. Qxc7+ Kg6 26. Qg3 Qxg3 27. fxg3 Rab8 28. Bc3
Rxd1+ 29. Rxd1 Rxb7 30. Kf2 Ne4+ 31. Kxf3 Nxc3 32. bxc3 Rb2 33. Rd6+ $18) 23...
exf3 24. Bxf7+ (24. Rg1 Qe5 25. Rg3 Ne4 26. Bxf7+ Kh8 27. Bc3 Nxg3+ 28. fxg3
Qxg3 29. Bxg7+ Qxg7 30. bxa8=Q Rxa8 31. Rg1 Qe5 $13) 24... Kh8 25. Qg6 Qh4 (
25... Qe5 26. Qg3 Qxg3 27. fxg3 Rab8 28. Bc3 Rxb7 29. Rxd8+ Bxd8 30. Bg6) 26.
Be6 Qxf2 27. Qg1 $1 Qxg1+ 28. Kxg1 Rab8 29. Bc8 Ne4 30. Bb4 Rdxc8 31. bxc8=Q+
Rxc8 32. Rac1 Rb8 33. Rxc7 (33. Rd4 Ng3 34. Rxc7 Ne2+ 35. Kf2 Nxd4 36. Bc3)
33... Rxb4 34. Rd4 1-0

[Event "Swidnica op rap"]
[Site "Swidnica"]
[Date "1998.??.??"]
[Round "?"]
[White "Volzhin, Alexander"]
[Black "Goloshchapov, Alexander"]
[Result "1-0"]
[WhiteElo "2510"]
[BlackElo "2400"]
[Annotator "Volzhin,A"]
[PlyCount "55"]
[EventDate "1998.??.??"]
[EventType "swiss"]
[EventRounds "9"]
[EventCountry "POL"]
[SourceTitle "EXT 2003"]
[Source "ChessBase"]
[SourceDate "2002.11.25"]
[SourceVersion "1"]
[SourceVersionDate "2002.11.25"]
[SourceQuality "1"]

1. d4 d5 2. c4 c6 3. Nc3 Nf6 4. e3 e6 5. Nf3 Nbd7 6. Bd3 Bd6 7. e4 dxe4 8. Nxe4
Nxe4 9. Bxe4 O-O 10. O-O h6 11. Bc2 b6 $6 (11... e5 {- 73/(497)}) 12. Qd3 Nf6
13. b3 Bb7 14. Bb2 {[/\ d5]} Re8 15. Rfe1 (15. d5 e5 $1) 15... Qc7 (15... Qe7
$5 {/\ Ba3}) 16. Ne5 $1 $146 (16. c5 Be7 $13) 16... Rad8 {[/\ c5<=>]} 17. Rad1
$1 (17. Ng4 $2 Nxg4 18. Qh7+ Kf8 19. Qh8+ Ke7 20. Qxg7 Bxh2+ 21. Kf1 Qf4 $19) (
17. h3 $5 {(/\ Ng4)} Bxe5 18. Rxe5 Qxe5 19. dxe5 Rxd3 20. Bxd3 Nd7 $14) 17...
c5 (17... Bxe5 18. Rxe5 Qxe5 (18... Ng4 19. Qh7+ Kf8 20. Ba3+ c5 21. dxc5 $1
$18) 19. dxe5 Rxd3 20. Rxd3 $18) 18. d5 $1 {[]} exd5 19. Ng4 Ne4 $8 20. cxd5 f5
21. f3 $3 $18 fxg4 $8 22. Rxe4 $1 Bxh2+ 23. Kh1 Be5 $8 24. Rxe5 (24. Rf4 $6 g5
$1 $13) 24... Rxe5 25. Qh7+ Kf8 (25... Kf7 $2 26. Bg6+) 26. f4 $1 Rh5+ 27. Kg1
Rdxd5 (27... Bxd5 28. Qh8+ Bg8 29. Rxd8+ Qxd8 30. Qxg7+) 28. Re1 $1 1-0